000 00387 a2200169 4500
001 72999
020 _a8532256562
040 _cAnchieta - Colégio São Paulo
100 _aCarvalho, Marcos Bernardino de
240 1 0 _aGeografias do mundo
_lpor
245 1 0 _aGeografias do mundo
300 _a175
362 0 _a2005
440 1 _aFTD
650 4 _aGeografia e viagens
942 _cBK
999 _c72999
_d72999